The heat supply object thermal regime under conditions of gas infrared emitter and air exchange system joint operation; Journal of Physics: Conference Series; Vol. 2119 : The XXXVII Siberian Thermophysical Seminar (STS37) 2021

Dettagli Bibliografici
Parent link:Journal of Physics: Conference Series
Vol. 2119 : The XXXVII Siberian Thermophysical Seminar (STS37) 2021.— 2021.— [012091, 6 p.]
Ente Autore: Национальный исследовательский Томский политехнический университет Инженерная школа энергетики Научно-образовательный центр И. Н. Бутакова (НОЦ И. Н. Бутакова)
Altri autori: Kuznetsov G. V. Geny Vladimirovich, Maksimov V. I. Vyacheslav Ivanovich, Nagornova T. A. Tatiana Aleksandrovna, Vyatkin A. V. Aleksandr Vitaljevich
Riassunto:Title screen
The paper presents the results of experimental studies on the formation of thermal comfort conditions in large premises with the joint operation of gas infrared emitters and air exchange ventilation system. The values of temperatures and heat fluxes on the clothing surface under natural and mixed convection conditions were obtained. It has been established that the air exchange system operation in the premises reduces the temperature drop of the person clothes surface, respectively, a more favorable temperature condition is achieved in the working area.
Lingua:inglese
Pubblicazione: 2021
Soggetti:
Accesso online:http://earchive.tpu.ru/handle/11683/72813
https://doi.org/10.1088/1742-6596/2119/1/012091
Natura: MixedMaterials Elettronico Capitolo di libro
KOHA link:https://koha.lib.tpu.ru/cgi-bin/koha/opac-detail.pl?biblionumber=667445

MARC

LEADER 00000naa0a2200000 4500
001 667445
005 20250819112944.0
035 |a (RuTPU)RU\TPU\network\38650 
035 |a RU\TPU\network\38229 
090 |a 667445 
100 |a 20220325d2021 k||y0engy50 ba 
101 0 |a eng 
102 |a GB 
135 |a drcn ---uucaa 
181 0 |a i  
182 0 |a b 
200 1 |a The heat supply object thermal regime under conditions of gas infrared emitter and air exchange system joint operation  |f G. V. Kuznetsov, V. I. Maksimov, T. A. Nagornova, A. V. Vyatkin 
203 |a Text  |c electronic 
300 |a Title screen 
320 |a [References: 10 tit.] 
330 |a The paper presents the results of experimental studies on the formation of thermal comfort conditions in large premises with the joint operation of gas infrared emitters and air exchange ventilation system. The values of temperatures and heat fluxes on the clothing surface under natural and mixed convection conditions were obtained. It has been established that the air exchange system operation in the premises reduces the temperature drop of the person clothes surface, respectively, a more favorable temperature condition is achieved in the working area. 
338 |b Российский научный фонд  |d 20-19-00226 
461 0 |0 (RuTPU)RU\TPU\network\3526  |t Journal of Physics: Conference Series 
463 |t Vol. 2119 : The XXXVII Siberian Thermophysical Seminar (STS37) 2021  |o 14-16 September 2021, Novosibirsk, Russia  |v [012091, 6 p.]  |d 2021 
610 1 |a электронный ресурс 
610 1 |a труды учёных ТПУ 
610 1 |a тепловые режимы 
610 1 |a теплоснабжение 
610 1 |a газовые инфракрасные излучатели 
610 1 |a воздухообмен 
610 1 |a тепловые потоки 
610 1 |a температура 
701 1 |a Kuznetsov  |b G. V.  |c Specialist in the field of heat power energy  |c Professor of Tomsk Polytechnic University, Doctor of Physical and Mathematical Sciences  |f 1949-  |g Geny Vladimirovich  |3 (RuTPU)RU\TPU\pers\31891  |9 15963 
701 1 |a Maksimov  |b V. I.  |c specialist in the field of thermal engineering  |c Associate Professor of Tomsk Polytechnic University, Candidate of technical sciences  |f 1977-  |g Vyacheslav Ivanovich  |3 (RuTPU)RU\TPU\pers\34154  |9 17694 
701 1 |a Nagornova  |b T. A.  |c specialist in the field of thermal engineering  |c Associate Professor of Tomsk Polytechnic University, Candidate of technical sciences  |f 1981-  |g Tatiana Aleksandrovna  |3 (RuTPU)RU\TPU\pers\34570  |9 17932 
701 1 |a Vyatkin  |b A. V.  |g Aleksandr Vitaljevich 
712 0 2 |a Национальный исследовательский Томский политехнический университет  |b Инженерная школа энергетики  |b Научно-образовательный центр И. Н. Бутакова (НОЦ И. Н. Бутакова)  |3 (RuTPU)RU\TPU\col\23504 
801 2 |a RU  |b 63413507  |c 20220830  |g RCR 
856 4 |u http://earchive.tpu.ru/handle/11683/72813 
856 4 |u https://doi.org/10.1088/1742-6596/2119/1/012091 
942 |c CF